| 000 | 00720nam a2200205 i 4500 | ||
|---|---|---|---|
| 001 | 29688 | ||
| 003 | ES-MaACL | ||
| 005 | 20230906154055.0 | ||
| 007 | t| | ||
| 008 | 030122s1980 sp ||||1| spa d | ||
| 100 | 1 |
_aBallesteros Gallardo, Ángel. _925058 |
|
| 245 | 1 | 4 |
_aLas mondas de Talavera de la Reina _b: historia de una tradición / _cAngel Ballesteros Gallardo. |
| 260 |
_aToledo : _bInstituto Provincial de Investigaciones y Estudios Toledanos, _c1980. |
||
| 300 |
_a43 p. ; _c21 cm. |
||
| 490 | 1 |
_aTemas Toledanos ; _v2 |
|
| 710 | 2 |
_aInstituto Provincial de Investigaciones y Estudios Toledanos. _95217 |
|
| 830 | 0 |
_aTemas Toledanos ; _v2 _9181269 |
|
| 852 |
_aES-MaACL _j2134-F-6 |
||
| 999 |
_c29688 _d29688 |
||